Statystyki dla Największe miasta w Nowej Zelandii według regionu

Kliknij tutaj aby rozwiązać quiz!

Ogólne statystyki

  • Ten quiz został rozwiązany 17 razy
  • Średni wynik to 2 z 10

Statystyki odpowiedzi

RegionMiasto% Poprawnych
AucklandAuckland
100%
WellingtonWellington
83%
CanterburyChristchurch
17%
OtagoDunedin
17%
WaikatoHamilton
0%
WellingtonLower Hutt
0%
AucklandManukau
0%
AucklandNorth Shore
0%
Zatoka ObfitościTauranga
0%
AucklandWaitakere
0%

Rozkład punktacji

Percentyl według liczby udzielonych odpowiedzi

Procent ludzi z każdym wynikiem

Twoja historia wyników

Nie rozwiązałeś tego quizu